000 00625nam a2200229Ia 4500
003 OSt
005 20220924131903.0
006 a|||||r|||| 00| 0
007 ta
008 220923b |||||||| |||| 00| 0 tel d
024 _a335556
037 _cTextual
040 _aARTS
_cARTS
_btel
041 _2tel
_atel
082 _aO35,3NKA1,5, L9
100 _aKousalyadevi Arekapudi
_9203186
245 0 _aNandana vanam
260 _aVijayawada
_bNavajyothi India
_c1979
650 _aTELUGU FICTION
942 _hO35,3NKA1,5, L9
_cTEXL
_2CC
999 _c428551
_d428551